000 00625nam a2200205 a 4500
001 000021243
005 20200930011253.0
008 100902s1972 sp 000 j spa d
040 _aDO-SdBNP
_bspa
_cBNPHU
082 _a813.5
_bL847p
100 1 _aLondon, Jack.
_944404
245 1 3 _aLa peste escarlata /
_cJack London.
260 _aMadrid, (EspaƱa) :
_bDoncel,
_c1972.
300 _a170 p. ;
_c18 cm.
490 1 _aLibro Joven de Bolsillo
_v10
590 _aInventariado,2020/BT
650 4 _aCuentos estadounidenses
_93514
650 4 _aLiteratura estadounideses
_944405
830 0 _aLibro Joven de Bolsillo
_v10
_913001
999 _c20744
_d20744